A felhőszolgáltatásban rejlő üzleti lehetőségek a magyar piacon

Bibliográfiai részletek
Szerző: Fekete Orsolya
További közreműködők: Eszes Dr. István
Dokumentumtípus: Diplomadolgozat
Kulcsszavak:felhő alapú szolgáltatás
privát felhő
felhő kampány
T-Systems Magyarország Zrt.
Online Access:http://dolgozattar.uni-bge.hu/4250

MARC

LEADER 00000nta a2200000 i 4500
001 dolg4250
005 20160524144343.0
008 151208suuuu hu om 000 hun d
040 |a BGE Dolgozattár Repozitórium  |b hun 
041 |a hu 
100 1 |a Fekete Orsolya 
245 1 2 |a A felhőszolgáltatásban rejlő üzleti lehetőségek a magyar piacon  |c Fekete Orsolya  |h [elektronikus dokumentum] 
695 |a felhő alapú szolgáltatás 
695 |a privát felhő  
695 |a felhő kampány  
695 |a T-Systems Magyarország Zrt. 
700 1 |a Eszes Dr. István  |e ths 
856 4 0 |u http://dolgozattar.uni-bge.hu/4250/1/Fekete%20Orsolya-%20felh%C5%91szolg%C3%A1ltat%C3%A1s%20szakdolgozat.pdf  |z Dokumentum-elérés 
856 4 0 |u http://dolgozattar.uni-bge.hu/4250/2/HivatalosBejegyzes%20%282%29.pdf  |z Dokumentum-elérés